| 000 | 00693cab a2200253 4500 | ||
|---|---|---|---|
| 001 | ABS44914 | ||
| 008 | 090401t1991 xxu||||| |||| 00| 0 eng d | ||
| 035 | _a(Sirsi) u49861 | ||
| 041 | _aeng | ||
| 100 | _aCooper, P. | ||
| 245 | _aDepth soundings | ||
| 260 | _c1991 | ||
| 350 | _a0 | ||
| 490 |
_aBuilding _v256(7707) 26 July 1991, 15-17 (3) |
||
| 520 | _aCompares the current recession with the 1973-75 slump and suggests that present difficulties do not equal those of the 1970s. | ||
| 650 | _aBUILDING INDUSTRY | ||
| 650 | _aOUTPUT | ||
| 650 | _aSLUMP | ||
| 650 | _aSTATISTICS | ||
| 690 | _aBUILT ENVIRONMENT | ||
| 700 | _aStewart, A. | ||
| 942 | _n0 | ||
| 948 | _c04/03/1997 | ||
| 999 |
_c31220 _d31220 |
||